Musiker mit gleichen Songtiteln #1 - Statistiken

Allgemein
  • Dieses Quiz wurde 353 mal gespielt
  • Das Durchschnittsergebnis liegt bei 6 aus 16
Antwortstatistiken
Hinweis Songtitel Musiker 1 Musiker 2 % Korrekt
7 Y____ 7 Years Charli XCX Lukas Graham
84%
N___ Numb U2 Linkin Park
66%
S_____ C_______ Smooth Criminal Michael Jackson Alien Ant Farm
60%
W______ M_ Without Me Eminem Halsey
57%
P_________ Photograph Ed Sheeran Nickelback
50%
S____ Sugar Maroon 5 System of a Down
45%
C____ Crazy Aerosmith Gnarls Barkley
34%
M_______ Maneater Hall & Oates Nelly Furtado
34%
K___ Kids MGMT Marteria
33%
S__ W___ She Wolf Shakira David Guetta ft. Sia
23%
M_ G_________ My Generation The Who Limp Bizkit
19%
P_______ O_ Y__ Pictures Of You The Cure Bon Jovi
14%
M_____ B_______ Misery Business Machine Gun Kelly Paramore
12%
W___ U_ Word Up! Cameo Korn/The BossHoss
12%
P____ Paris Taylor Swift $uicideboy$
11%
A____ Alive Pearl Jam Daft Punk
10%
Keine übereinstimmenden Quizze gefunden
Verteilung der Resultate
Anzahl Personen mit jedem Resultat
Perzentil nach korrekt beantworteten Fragen
Ihre Resultats-Entwicklung
Sie haben dieses Quiz noch nicht gespielt